Highlights Equipe de Suisse de football - Statistiques

Statistiques générales
  • Ce quiz a été pris 143 fois
  • Le résultat moyen est 33 sur 53
Statistiques - réponses
Highlight Joueur Date % Correct
Inscrit un somptueux triplé qui qualifie la Suisse face au Honduras en phases de groupe de la CDM 2014 au Brésil Xherdan Shaqiri 25.06.2014
92%
D'un ciseau incroyable, égalise face à la Pologne lors de l'Euro 2016 Xherdan Shaqiri 25.06.2016
92%
En contre-attaque et en bout de course, offre le but victorieux en toute fin de rencontre face à la Serbie (CDM 2018 en Russie) Xherdan Shaqiri 22.06.2018
92%
Marque les 2 autres buts suisses face à la Turquie (Euro 2020-21) Xherdan Shaqiri 20.06.2021
92%
Egalise en 1/4 de finales face à l'Espagne (Euro 2020-21) Xherdan Shaqiri 02.07.2021
92%
Sauve l'honneur dans la défaite face à la France en phases de groupe de la CDM 2014 au Brésil Granit Xhaka 20.06.2014
91%
D'un boulet de canon, égalise face à la Serbie (CDM 2018 en Russie) Granit Xhaka 22.06.2018
91%
Offre à la Suisse son seul titre mondial à ce jour en finale de la CDM M17 au Nigeria, en finale face au pays-hôte Haris Seferovic 15.11.2019
85%
En qualifications pour la CDM au Brésil, inscrit dans les derniers instants le but victorieux face à Chypre Haris Seferovic 08.06.2013
85%
Marque un but salvateur à la 93ème face à l'Equateur en phases de groupe de la CDM 2014 au Brésil Haris Seferovic 15.06.2014
85%
Marque le 1er des 3 buts suisses face à la Turquie (Euro 2020-21) Haris Seferovic 20.06.2021
85%
Inscrit 2 buts dans la victoire historique en 1/8ème face à la France (Euro 2020-21) Haris Seferovic 28.06.2021
85%
Euro 2020-21 vs France : Séance de tirs aux buts : sort le penalty de Kylian Mbappé Yann Sommer 28.06.2021
78%
Crache sur Steven Gerrard pendant l'Euro 2004 Alexander Frei 17.06.2004
72%
Buteur face au Togo à la CDM 2006 en Allemagne Alexander Frei 19.06.2006
72%
Buteur face à la Corée du Sud à la CDM 2006 en Allemagne Alexander Frei 23.06.2006
72%
Terrible blessure au genou lors de l'Euro 2008 en Suisse/Autriche Alexander Frei 07.06.2008
72%
Euro 2020-21 vs France : Séance de tirs aux buts : inscrit le 4-3 Ruben Vargas 28.06.2021
71%
Euro 2020-21 vs Espagne : Séance de tirs aux buts : manque son penalty Ruben Vargas 02.07.2021
71%
Buteur lors du match qualificatif pour la CDM 2022 au Qatar face à la Bulgarie Ruben Vargas 15.11.2021
71%
Après un but annulé pour hors-jeu, égalise finalement (3-3) face à la France et offre à cette rencontre des prolongations pleines de tension Mario Gavranovic 28.06.2021
69%
Euro 2020-21 vs France : Séance de tirs aux buts : inscrit le 1-0 Mario Gavranovic 28.06.2021
69%
Euro 2020-21 vs Espagne : Séance de tirs aux buts : inscrit le seul penalty suisse Mario Gavranovic 02.07.2021
69%
Score de la tête le seul but de la rencontre Albanie-Suisse (Euro 2016 en France) Fabian Schär 11.06.2016
66%
Euro 2020-21 vs France : Séance de tirs aux buts : inscrit le 2-1 Fabian Schär 28.06.2021
66%
Euro 2020-21 vs Espagne : Séance de tirs aux buts : manque son penalty Fabian Schär 02.07.2021
66%
Score face au Pays de Galles (Euro 2020-21) Breel Embolo 12.06.2021
65%
Egalise face au Brésil (CDM 2018 en Russie) Steven Zuber 17.06.2018
64%
Egalise face à l'Equateur en phases de groupe de la CDM 2014 au Brésil Admir Mehmedi 15.06.2014
60%
Egalise d'une reprise de volé pied gauche face à la Roumanie (Euro 2016 en France) Admir Mehmedi 15.06.2016
60%
Euro 2020-21 vs France : Séance de tirs aux buts : inscrit le 5-4 Admir Mehmedi 28.06.2021
60%
Euro 2020-21 vs France : Séance de tirs aux buts : inscrit le 3-2 Manuel Akanji 28.06.2021
60%
Euro 2020-21 vs Espagne : Séance de tirs aux buts : manque son penalty Manuel Akanji 02.07.2021
60%
Debout face à un Neymar au sol et sans solution, fait vivre à la star brésilienne un enfer et le fixe en riant Valon Behrami 17.06.2018
60%
Les Suisses n'ont jamais autant crié que lorsque ce milieu de terrain pousse le ballon au fond des filets face à l'Espagne pendant la CDM 2010, Victoire 1-0 Gelson Fernandes 16.06.2010
59%
Buteur lors du match qualificatif pour la CDM 2022 au Qatar face à la Bulgarie Remo Freuler 15.11.2021
51%
En soutien à ses compères, ce capitaine brandit son meilleur aigle bicéphale après le but victorieux face à la Serbie (CDM 2018 en Russie) Stephan Lichtsteiner 22.06.2018
48%
Score face à son pays d'origine, la Turquie, lors de l'Euro 2008 Hakan Yakin 11.06.2008
47%
Score un doublé victorieux face au Portugal lors de l'Euro 2008 Hakan Yakin 15.06.2008
47%
Buteur face à la Corée du Sud à la CDM 2006 en Allemagne Philippe Senderos 23.06.2006
46%
Selon le commentateur suisse, marque une "patate" face à l'Italie en qualifs pour la CDM 2022 au Qatar Silvan Widmer 12.11.2021
45%
Entré en cours de match, inscrit le 1-2 et le 3-2 lors de la remontada qualificative pour l'Euro 2016 face à la Slovénie Josip Drmic 05.09.2015
42%
Buteur face au Costa Rica (CDM 2018 en Russie) Josip Drmic 27.06.2018
42%
Buteur lors du match qualificatif pour la CDM 2022 au Qatar face à la Bulgarie Cedric Itten 15.11.2021
41%
Buteur lors du match qualificatif pour la CDM 2022 au Qatar face à la Bulgarie Noah Okafor 15.11.2021
39%
Buteur face au Togo à la CDM 2006 en Allemagne Tranquillo Barnetta 19.06.2006
39%
Manque son penalty en 1/8ème face à l'Ukraine à la CDM 2006 en Allemagne Tranquillo Barnetta 26.06.2006
39%
Manque son penalty en 1/8ème face à l'Ukraine à la CDM 2006 en Allemagne Marco Streller 26.06.2006
37%
Sauve l'honneur dans la défaite face à la France en phases de groupe de la CDM 2014 au Brésil Blerim Dzemaili 20.06.2014
35%
Buteur face au Costa Rica (CDM 2018 en Russie) Blerim Dzemaili 27.06.2018
35%
Se fait perforer le canal urinaire à cause d'un coup de pied mal placé Stéphane Grichting 16.11.2005
31%
Entré en cours de match, inscrit le 2-2 lors de la remontada qualificative pour l'Euro 2016 face à la Slovénie Valentin Stocker 05.09.2015
20%
Manque son penalty en 1/8ème face à l'Ukraine à la CDM 2006 en Allemagne Ricardo Cabanas 26.06.2006
14%
Aucun quiz correspondant
Distribution des résultats
% des personnes avec chaque résultat
Percentile par nombre de réponses
Votre historique - résultats
Vous n’avez pas pris ce quiz